Contemporary nursing : (Record no. 120276)

MARC details
000 -LEADER
fixed length control field 01118cam a2200325 i 4500
008 - FIXED-LENGTH DATA ELEMENTS--GENERAL INFORMATION
fixed length control field
020 ## - INTERNATIONAL STANDARD BOOK NUMBER
International Standard Book Number 9780323390224 (paperback)
040 ## - CATALOGING SOURCE
Original cataloging agency NUST
Transcribing agency NUST
049 ## - LOCAL HOLDINGS (OCLC)
Holding library MAIN
090 00 - LOCALLY ASSIGNED LC-TYPE CALL NUMBER (OCLC); LOCAL CALL NUMBER (RLIN)
Classification number (OCLC) (R) ; Classification number, CALL (RLIN) (NR) RT41
Local cutter number (OCLC) ; Book number/undivided call number, CALL (RLIN) CON
003 - CONTROL NUMBER IDENTIFIER
control field
005 - DATE AND TIME OF LATEST TRANSACTION
control field 20230120204256.0
245 00 - TITLE STATEMENT
Title Contemporary nursing :
Remainder of title issues, trends, & management /
Statement of responsibility, etc. [edited by ]Cherry Barbara and Jacob Susan R.
250 ## - EDITION STATEMENT
Edition statement Seventh edition.
264 #1 - PRODUCTION, PUBLICATION, DISTRIBUTION, MANUFACTURE, AND COPYRIGHT NOTICE
Place of production, publication, distribution, manufacture St. Louis, Missouri :
Name of producer, publisher, distributor, manufacturer Elsevier,
Date of production, publication, distribution, manufacture, or copyright notice 2017
300 ## - PHYSICAL DESCRIPTION
Extent xviii, 516 pages :
Other physical details color illustrations ;
Dimensions 24 cm
336 ## - CONTENT TYPE
Content type term text
Content type code txt
Source rdacontent
337 ## - MEDIA TYPE
Media type term unmediated
Media type code n
Source rdamedia
338 ## - CARRIER TYPE
Carrier type term volume
Carrier type code nc
Source rdacarrier
504 ## - BIBLIOGRAPHY, ETC. NOTE
Bibliography, etc. note Includes bibliographical references.
500 ## - GENERAL NOTE
General note Includes index.
520 ## - SUMMARY, ETC.
Summary, etc. Resource added for the Nursing-Associate Degree 105431, Practical Nursing 315431, and Nursing Assistant 305431 programs.
650 #0 - SUBJECT ADDED ENTRY--TOPICAL TERM
Topical term or geographic name entry element Nursing
Geographic subdivision United States.
650 12 - SUBJECT ADDED ENTRY--TOPICAL TERM
Topical term or geographic name entry element Nursing.
650 22 - SUBJECT ADDED ENTRY--TOPICAL TERM
Topical term or geographic name entry element Nursing Care.
650 22 - SUBJECT ADDED ENTRY--TOPICAL TERM
Topical term or geographic name entry element Nurse's Role.
700 ## - ADDED ENTRY--PERSONAL NAME
Personal name Jacob Susan R.
907 ## - LOCAL DATA ELEMENT G, LDG (RLIN)
a .b10401994
b 25-11-21
c 10-05-21
942 ## - ADDED ENTRY ELEMENTS (KOHA)
Koha item type Ordinary Loan Books
Call number prefix RT41
Call number suffix CON
Holdings
Date last seen Total Checkouts Full call number Barcode Cost, replacement price Price effective from Koha item type Lost status Source of classification or shelving scheme Damaged status Not for loan Collection Withdrawn status Home library Current library Shelving location Date acquired Cost, normal purchase price
01/20/2023   RT41 CON 92004048131 80.00 01/20/2023 BOOKS   LCC     NFIC   Medical Medical GEN 01/20/2023 80.00